Recursion theory

Αποθηκεύτηκε σε:
Λεπτομέρειες βιβλιογραφικής εγγραφής
Συλλογικό Έργο: American Mathematical Society, Association for Symbolic Logic, AMS-ASL Summer Institute on Recursion Theory
Άλλοι συγγραφείς: Nerode, Anil, 1932- (Επιμελητής έκδοσης), Shore, Richard A., 1946- (Επιμελητής έκδοσης)
Μορφή: Πρακτικό Συνεδρίου Βιβλίο
Γλώσσα:English
Δημοσίευση: Providence, R.I. : American Mathematical Society, 1985.
Σειρά:Proceedings of symposia in pure mathematics ; 42
Θέματα:
Ετικέτες: Προσθήκη ετικέτας
Δεν υπάρχουν, Καταχωρήστε ετικέτα πρώτοι!

MARC

LEADER 00000cam a2200000 i 4500
001 1/46300
008 941103s1985 riu| ||| |||| ||eng||
020 |a 0821814478 
035 |l 10042761 
035 |a 1993 
040 |a GR-MyUa  |b gre  |e AACR2 
041 0 |a eng 
082 7 |a 511.3   |2 (19) 
245 0 0 |a Recursion theory /   |c [edited by Anil Nerode, Richard A. Shore]. 
260 |a Providence, R.I. :   |b American Mathematical Society,   |c 1985. 
300 |a vii, 528 σ. :   |b εικ. ;   |c 27 εκ. 
490 1 |a (Proceedings of symposia in pure mathematics ;   |v 42) 
500 |a "Proceedings of the AMS-ASL Summer Institute on Recursion Theory, held at Cornell University, Ithaca, New York, June 28-July 16, 1982"--T.p. verso 
504 |a Περιλαμβάνει βιβλιογραφίες. 
650 0 |a Recursion theory. 
700 1 |a Nerode, Anil,   |d 1932-  |e edt 
700 1 |a Shore, Richard A.,   |d 1946-  |e edt 
710 2 |a American Mathematical Society. 
710 2 |a Association for Symbolic Logic. 
711 2 |a AMS-ASL Summer Institute on Recursion Theory   |d (1982 :   |c Cornell University) 
830 0 |a Proceedings of symposia in pure mathematics ;  |v 42 
852 |a INST  |b SAMOS  |e 19941103  |h 511.35 REC  |p 005300007419  |q 005300007419  |t BK  |y 0